| 000 | 00441nam a22001697a 4500 | ||
|---|---|---|---|
| 005 | 20251211153253.0 | ||
| 008 | 251211b |||||||| |||| 00| 0 eng d | ||
| 037 | _cTB | ||
| 040 |
_aAL _cAL |
||
| 041 |
_2ARB _aARB |
||
| 100 |
_aAhmad Ibraheem _9856072 |
||
| 245 | _aAl-aalim al-islami fi al-qas al-abbasi | ||
| 260 | _c1985. | ||
| 365 |
_b175.00 _cINR |
||
| 942 |
_2CC _cTB _n0 |
||
| 999 |
_c1466257 _d1466257 |
||